|
|
|
|
| LEADER |
00000nbm0a2200000 4500 |
| 001 |
154750 |
| 005 |
20231031152015.0 |
| 029 |
0 |
0 |
|a SU
|b 01830057422
|f ТПУ
|
| 035 |
|
|
|a (RuTPU)RU\TPU\book\167849
|
| 090 |
|
|
|a 154750
|
| 100 |
|
|
|a 20090304d1987 k y0rusy50 ca
|
| 101 |
0 |
|
|a rus
|
| 102 |
|
|
|a RU
|
| 105 |
|
|
|a a p 001zy
|
| 200 |
1 |
|
|a Исследование газодинамического тракта
|e Заключительный отчет о НИР
|e Тема: х/д 6-4/81
|f Томский политехнический институт (ТПИ) ; руководитель Л. А. Беляев ; С. А. Косяков
|
| 210 |
|
|
|a Томск
|d 1987
|
| 215 |
|
|
|a 101.л.
|
| 320 |
|
|
|a Библиогр.: с. 99-101.
|
| 610 |
1 |
|
|a отчеты о НИР
|
| 610 |
1 |
|
|a диаметральные вентиляторы
|
| 610 |
1 |
|
|a поверхности теплообмена
|
| 610 |
1 |
|
|a газодинамический тракт
|
| 610 |
1 |
|
|a гидравлическое сопротивление
|
| 610 |
1 |
|
|a напор
|
| 610 |
1 |
|
|a производительность
|
| 610 |
1 |
|
|a макеты
|
| 610 |
1 |
|
|a скорость
|
| 610 |
1 |
|
|a самопрокачка
|
| 610 |
1 |
|
|a газотурбинные установки
|
| 675 |
|
|
|a 621.373.826.038.823(04)
|v 3
|
| 702 |
|
1 |
|a Беляев
|b Л. А.
|4 673
|
| 702 |
|
1 |
|a Косяков
|b С. А.
|4 677
|
| 712 |
0 |
2 |
|a Томский политехнический институт (ТПИ)
|c (1944-1991)
|2 stltpush
|3 (RuTPU)RU\TPU\col\1123
|4 595
|
| 801 |
|
1 |
|a RU
|b 63413507
|c 20090304
|g PSBO
|
| 801 |
|
2 |
|a RU
|b 63413507
|c 20090305
|g PSBO
|
| 942 |
|
|
|c BK
|